Normal values of left ventricular rotational parameters in healthy adults-Insights from the three-dimensional speckle tracking echocardiographic MAGYAR-Healthy Study

Left ventricular (LV) rotation and twist are essential parts of LV function. Three-dimensional speckle tracking echocardiography (3DSTE) is a relatively new method and is useful for the quantification of LV wall deformation and rotational parameters. The aim of the present study was to examine LV ro...

Teljes leírás

Elmentve itt :
Bibliográfiai részletek
Szerzők: Kormányos Árpád
Kalapos Anita
Domsik Péter
Lengyel Csaba Attila
Forster Tamás
Nemes Attila
Dokumentumtípus: Cikk
Megjelent: 2019
Sorozat:ECHOCARDIOGRAPHY-A JOURNAL OF CARDIOVASCULAR ULTRASOUND AND ALLIED TECHNIQUES 36 No. 4
doi:10.1111/echo.14285

mtmt:30548342
Online Access:http://publicatio.bibl.u-szeged.hu/16312
LEADER 02536nab a2200265 i 4500
001 publ16312
005 20190801084253.0
008 190801s2019 hu o 0|| zxx d
022 |a 0742-2822 
024 7 |a 10.1111/echo.14285  |2 doi 
024 7 |a 30548342  |2 mtmt 
040 |a SZTE Publicatio Repozitórium  |b hun 
041 |a zxx 
100 1 |a Kormányos Árpád 
245 1 0 |a Normal values of left ventricular rotational parameters in healthy adults-Insights from the three-dimensional speckle tracking echocardiographic MAGYAR-Healthy Study  |h [elektronikus dokumentum] /  |c  Kormányos Árpád 
260 |c 2019 
300 |a 714-721 
490 0 |a ECHOCARDIOGRAPHY-A JOURNAL OF CARDIOVASCULAR ULTRASOUND AND ALLIED TECHNIQUES  |v 36 No. 4 
520 3 |a Left ventricular (LV) rotation and twist are essential parts of LV function. Three-dimensional speckle tracking echocardiography (3DSTE) is a relatively new method and is useful for the quantification of LV wall deformation and rotational parameters. The aim of the present study was to examine LV rotation and twist differences between different age-groups and genders in a healthy population.The present study is comprised of 297 healthy adults; 120 adults have been excluded due to inferior image quality. The population was further divided into 4 subgroups based on age decades.Only the LV twist of all patients (13.5 ± 3.7 degree vs 15.6 ± 4.9 degree, P = 0.02) and the LV twist of females (13.0 ± 3.6 degree vs 15.5 ± 5.6 degree, P = 0.03) differed significantly between the age-group of 18-29 years and 50+ years. LV basal and apical rotation were not significantly different between the age-groups; however, they tendentiously increased with aging. No significant differences could be demonstrated regarding LV rotational and twist parameters between genders in any group. A phenomenon called LV rigid body rotation (LV-RBR)-where the base and apex of the LV rotate in the same direction-was present in 10 cases.Three-dimensional speckle tracking echocardiography seems to be a reasonably viable tool for the quantification of LV rotation and twist. Both LV basal and apical rotation and LV twist increase with aging, regardless of gender. LV-RBR is also present in the normal population. 
700 0 1 |a Kalapos Anita  |e aut 
700 0 1 |a Domsik Péter  |e aut 
700 0 1 |a Lengyel Csaba Attila  |e aut 
700 0 1 |a Forster Tamás  |e aut 
700 0 1 |a Nemes Attila  |e aut 
856 4 0 |u http://publicatio.bibl.u-szeged.hu/16312/1/Korm-nyos_et_al-2019-Echocardiography.pdf  |z Dokumentum-elérés